Länder ohne Militär - Statistiken

Allgemein
  • Dieses Quiz wurde 85 mal gespielt
  • Das Durchschnittsergebnis liegt bei 14 aus 22
Antwortstatistiken
Länder % Korrekt
San Marino
84%
Andorra
83%
Vatikanstadt
83%
Liechtenstein
80%
Nauru
71%
Monaco
69%
Samoa
69%
St. Vincent und die Grenadinen
68%
Vanuatu
68%
Palau
67%
Tuvalu
67%
Island
65%
St. Lucia
65%
Föderierte Staaten von Mikronesien
64%
Marshallinseln
61%
Salomonen
60%
Kiribati
59%
Dominica
52%
Grenada
49%
Mauritius
45%
Costa Rica
37%
Panama
15%
Keine übereinstimmenden Quizze gefunden
Verteilung der Resultate
Anzahl Personen mit jedem Resultat
Perzentil nach korrekt beantworteten Fragen
Ihre Resultats-Entwicklung
Sie haben dieses Quiz noch nicht gespielt